000 00904nam a22002777a 4500
001 BR6001919
003 BR-BrBNA
005 20230928083110.0
007 ta
008 230509b bl.||||| |||| 00| 0 por d
040 _aBR-BrBNA
_bpor
_cBiblioteca Nacional de Agricultura
041 _a(Por)
072 _aE30
_b/G514
090 _ E30 BR6001919
110 1 _aGoverno do Estado de Sao Paulo, Sao Paulo (Brasil)
_95315
245 1 _aDiretrizes de atuacao da Secretaria da Agricultura. Desenvolvimento agricola: um grande desafio [Sao Paulo; Brasil]
260 3 _aCampinas, SP (Brasil):
_bCoordenadoria de Assistencia Tecnica Integral,
_c1972.
300 _a137 p.
650 _aPOLITICA AGRICOLA
650 _aDESENVOLVIMENTO ECONOMICO
650 _aDESENVOLVIMENTO AGRICOLA
650 _aASSISTENCIA TECNICA
650 _aSAO PAULO
909 _a202309
_bLucia
_c55
_dLucia Elande
942 _cBK
999 _c11561
_d11561